000 00599nam a22002057a 4500
008 150528b xxu||||| |||| 00| 0 eng d
020 _a9780071632843
041 0 _aENG
080 _a332
100 _aÁsgeir Jónsson.
245 0 0 _aWhy Iceland? /
_cÁsgeir Jónsson.
260 _aNew York :
_bMcGraw-Hill,
_cc2009.
300 _a 230 f
_c24 cm
500 _aindex
650 _aFinancial crises
_xHistory
_y21st century.
_zIceland
650 _aFinancial crises
_y21st century.
650 _aBanks and banking
_zIceland.
650 _aBusiness cycles
_xHistory
_y21st century.
942 _2udc
_cBK
999 _c920
_d920